Kaz Bałagane - Narkopop (Złota Edycja) - Statystyki

Ogólne statystyki
  • Ten quiz został rozwiązany 3 razy
  • Średni wynik to 9 z 20
Statystyki odpowiedzi
Narkopop (Złota Edycja) % Poprawnych
Narcyz
100%
All Day Everyday - Łee
67%
Byku
67%
Narkopop
67%
Prosciutto Crudo
67%
Spodenki do ćpania
67%
Stolik
67%
Crazy Frog
33%
Intro (Lata 90-te)
33%
Jebe coś
33%
Kanikuły
33%
Modlitwa
33%
Pokoje
33%
Prosciutto crudo - Remix
33%
Ściana budynków
33%
Stara Bida
33%
To nie moje sprawy
33%
Trendsetter
33%
W całości
33%
Za dużo rockenrolla
33%
Nie znaleziono quizów pasujących do podanych kryteriów
Rozkład punktacji
Procent ludzi z każdym wynikiem
Percentyl według liczby udzielonych odpowiedzi
Twoja historia wyników
Nie rozwiązałeś tego quizu